00432nam a2200145Ia 450000500170000000800410001702000180005808200210007610000550009724500210015226000380017330000120021140000420022365000210026520250227173929.0231217s9999 xx 000 0 und d a9780824705442 a615.7 KAL;1 R aKalow, Werner ed. Meyer, Urs A. Tyndale, Rachel F. 0aPharmacogenomics c2001bMarcel Dekker IncaNew York axi, 403 aDrugs and the pharmaceutical sciences aPharmacogenomics